Image processing technologies : (Record no. 193470)
[ view plain ]
| 000 -LEADER | |
|---|---|
| fixed length control field | 01411 a2200265 4500 |
| 003 - CONTROL NUMBER IDENTIFIER | |
| control field | Nust |
| 005 - DATE AND TIME OF LATEST TRANSACTION | |
| control field | 20220804132635.0 |
| 020 ## - INTERNATIONAL STANDARD BOOK NUMBER | |
| International Standard Book Number | 0-8247-5057-8 |
| 035 ## - SYSTEM CONTROL NUMBER | |
| System control number | (Uk)0824750578 |
| 040 ## - CATALOGING SOURCE | |
| Transcribing agency | Nust |
| 082 04 - DEWEY DECIMAL CLASSIFICATION NUMBER | |
| Classification number | 621.367,IMA |
| 100 ## - MAIN ENTRY--PERSONAL NAME | |
| Personal name | Kiyoharu Aizawa, Katsuhiko Sakaue, Yasuhito Suenaga |
| 9 (RLIN) | 96532 |
| 245 10 - TITLE STATEMENT | |
| Title | Image processing technologies : |
| Remainder of title | algorithms, sensors and applications / |
| Statement of responsibility, etc. | edited by Kiyoharu Aizawa, Katsuhiko Sakaue, Yasuhito Suenaga |
| 260 ## - PUBLICATION, DISTRIBUTION, ETC. | |
| Place of publication, distribution, etc. | New York : |
| Name of publisher, distributor, etc. | Marcel Dekker, |
| Date of publication, distribution, etc. | cop. 2004 |
| 300 ## - PHYSICAL DESCRIPTION | |
| Extent | x, 282 p. : |
| Other physical details | ill. |
| 440 #0 - SERIES STATEMENT/ADDED ENTRY--TITLE | |
| Title | Signal processing and communications, |
| Volume/sequential designation | 23 |
| 9 (RLIN) | 95561 |
| 505 ## - FORMATTED CONTENTS NOTE | |
| Formatted contents note | Passive Range Sensing Techniques (Page-1), Optimization Approaches in Compute Vision and Image Processing (Page-27), Motion and Shape from Sequences of Images under Feature Correspondences (Page-55), Compression and Representation of 3D Images (Page-90), Omnidirectional Sensing and its Applications (Page-116), Computational Sensors (Page-142), Processing and Recognition of Face Images and its Applications (Page-162), Document Analysis and Recognition (Page-212), Recent Progress in Medical Image Processing (Page-233). |
| 650 #7 - SUBJECT ADDED ENTRY--TOPICAL TERM | |
| Topical term or geographic name entry element | Bildbehandling |
| 9 (RLIN) | 96525 |
| 650 #7 - SUBJECT ADDED ENTRY--TOPICAL TERM | |
| Topical term or geographic name entry element | Image processing |
| 650 #7 - SUBJECT ADDED ENTRY--TOPICAL TERM | |
| Topical term or geographic name entry element | Telecommunication Engineering. |
| 700 1# - ADDED ENTRY--PERSONAL NAME | |
| Personal name | Aizawa, Kiyoharu |
| Relator code | edt |
| 9 (RLIN) | 96533 |
| 700 1# - ADDED ENTRY--PERSONAL NAME | |
| Personal name | Sakaue, Katsuhiko |
| Relator code | edt |
| 9 (RLIN) | 96534 |
| 700 1# - ADDED ENTRY--PERSONAL NAME | |
| Personal name | Suenaga, Yasuhito |
| Relator code | edt |
| 9 (RLIN) | 96535 |
| 942 ## - ADDED ENTRY ELEMENTS (KOHA) | |
| Koha item type | Reference |
| Source of classification or shelving scheme | |
| Withdrawn status | Lost status | Source of classification or shelving scheme | Damaged status | Not for loan | Permanent Location | Current Location | Shelving location | Date acquired | Full call number | Barcode | Date last seen | Price effective from | Koha item type | Public note |
|---|---|---|---|---|---|---|---|---|---|---|---|---|---|---|
| Military College of Signals (MCS) | Military College of Signals (MCS) | Reference | 12/12/2016 | 621.367,IMA | MCS30617 | 12/08/2016 | 12/12/2016 | Reference | Almirah No.20, Shelf No.5 |
